00248nam a22000977a 4500040001200000082001300012100004800025245003800073260002900111300001000140 cMSOHAIL a891.4391 aKhwaja Meer Dard - خواجہ میر درد aDeewan-e-Dard - دیوان درد aLahorebAl-Faisalcc2009 a212;p